000 00422nam a2200145Ia 4500
008 230917s9999||||xx |||||||||||||| ||und||
040 _e204360
_aMAIN
041 _aEnglish
082 _a823.09 C349G
100 _aChakravarty, Lalima
245 0 _aGender and culture in the works of Indian subcontinent's select women novelists
260 _aNew Delhi
_bAtlantic Publishers
_c2012
300 _ax, 124 p.
942 _cBK
999 _c173956
_d173956